| 000 | 00756cam a22002531 4500 | ||
|---|---|---|---|
| 001 | 23393 | ||
| 003 | BD-RjUL | ||
| 005 | 20211209000926.0 | ||
| 008 | 140310r19651964nyuabc b 001 0 eng | ||
| 035 | _a(BD-RjUL)23458 | ||
| 040 |
_aDLC _cDLC _dBD-RjUL _beng |
||
| 041 | _aeng | ||
| 082 | 0 | 0 |
_a916 _bHAG 1965 |
| 100 | 1 |
_aHance, William Adams, _d1916- _972039 |
|
| 245 | 1 | 4 |
_aThe geography of modern Africa / _cby William A. Hance. |
| 260 |
_aNew York : _bColumbia University Press, _cc1964 [Printing 1965]. |
||
| 300 |
_axiv, 653 p. : _billus., maps, port. ; _c26 cm. |
||
| 504 | _aBibliography: p. [619]-626. | ||
| 504 | _aIncludes index. | ||
| 651 | 0 |
_aAfrica _xGeography. _972040 |
|
| 942 |
_2ddc _cBK |
||
| 999 |
_c23393 _d23393 |
||